مكتبة جامعة عجلون الوطنية

فهرس بحث المكتبة

The histories / Herodotus ; translated by Aubrey De Sâelincourt ; revised with introduction and notes by John Marincola. Penguin classics (Record no. 1103)

MARC details
000 -LEADER
fixed length control field 00820nam a2200229Ii 4500
003 - CONTROL NUMBER IDENTIFIER
control field JO-AjNU
008 - FIXED-LENGTH DATA ELEMENTS--GENERAL INFORMATION
fixed length control field 230606s9999||||xx |||||||||||||| ||und||
020 ## - INTERNATIONAL STANDARD BOOK NUMBER
International Standard Book Number 0-140-44908-6/9780140449082
040 ## - CATALOGING SOURCE
Original cataloging agency JO-AjNU
Language of cataloging eng
Description conventions rda
Transcribing agency JO-AjNU
041 ## - LANGUAGE CODE
Language code of text/sound track or separate title eng
050 14 - LIBRARY OF CONGRESS CALL NUMBER
Classification number D58.H4713 2003
100 3# - MAIN ENTRY--PERSONAL NAME
Personal name Herodotus,
Relator term author
9 (RLIN) 2100
245 04 - TITLE STATEMENT
Title The histories / Herodotus ; translated by Aubrey De Sâelincourt ; revised with introduction and notes by John Marincola. Penguin classics
250 ## - EDITION STATEMENT
Edition statement further reviserd ed
264 31 - PRODUCTION, PUBLICATION, DISTRIBUTION, MANUFACTURE, AND COPYRIGHT NOTICE
Place of production, publication, distribution, manufacture london-New York: Penguin Books, 2003
300 ## - PHYSICAL DESCRIPTION
Extent 716p
336 ## - CONTENT TYPE
Content type term text
Content type code txt
Source rdacontent
337 ## - MEDIA TYPE
Media type term unmediated
Media type code n
Source rdamedia
338 ## - CARRIER TYPE
Carrier type term volume
Carrier type code nc
Source rdacarrier
490 0# - SERIES STATEMENT
Series statement Penguin classics
650 #4 - SUBJECT ADDED ENTRY--TOPICAL TERM
Topical term or geographic name entry element Descriptors-- History-- Christianity--Chistian--Antiquities--jordan
9 (RLIN) 2101
Holdings
Withdrawn status Lost status Source of classification or shelving scheme Damaged status Not for loan Home library Current library Shelving location Date acquired Total Checkouts Full call number Barcode Date last seen Price effective from Koha item type
    Library of Congress Classification     مكتبة جامعة عجلون الوطنية مكتبة جامعة عجلون الوطنية المجموعات العامة 06/06/2023   D58.H4713 2003 E1103 06/06/2023 06/06/2023 Books